000
00240nam a2200097Ia 4500
001
736411
005
20250826163911.0
008
250824s9999 xx 000 0 und d
245
0
_a
ASLIYI BEKLEYEN ELMA
_c
AYDIN BALCI
260
_b
TUDEM YAYINLARI
999
_c
736411
_d
736411